| 000 | 01214nam a22002777a 4500 | ||
|---|---|---|---|
| 005 | 20170123164142.0 | ||
| 010 | _aB-210340 | ||
| 020 | _c125.00 | ||
| 035 | _aB-210340 | ||
| 037 | _bCen Lib / Ret | ||
| 040 |
_aDPL _bPN |
||
| 082 |
_aਉ _bਅਚੀਬੀ |
||
| 100 |
_aਅਚੀਬੀ, ਚਿਨੂਆ _9116194 |
||
| 245 |
_a ਬਾਤਾਂ ਨਹੀ ਸ਼ੁਖਾਲਿਆਂ : _cਚਿਨੂਆ ਅਚੀਬੀ ; ਅਨੁਵਾਦ ਪਰਮਿੰਦਰ ਸਿੰਘ, ਰਵਿੰਦਰ ਸਿੰਘ _bਆਫਰੀਕੀ-ਨਾਵਲ / |
||
| 246 |
_aBaatan nahi sukhaallian ; no longer at ease _bby Chinua Achebe ; translated by Parminder Singh, Ravinder Singh |
||
| 260 |
_aਚੰਡੀਗਡ _bਲੋਕਗੀਤ ਪ੍ਰਕਾਸ਼ਨ _c2005 |
||
| 270 |
_aSCO 26-27 Sector 34 A, Chandigarh _bChandigarh |
||
| 300 |
_a144p. _c21cm(Hb) |
||
| 650 |
_aਪੰਜਾਬੀ ਸਾਹਿਤ _9116195 |
||
| 650 |
_aਪੰਜਾਬੀ ਨਾਵਲ _9116196 |
||
| 650 |
_aPunjabi Literature _9781 |
||
| 650 |
_aPunjabi Novel _96285 |
||
| 700 |
_aਸਿੰਘ, ਪਰਮਿੰਦਰ _9116197 |
||
| 700 |
_aਸਿੰਘ ਰਵਿੰਦਰ _9116198 |
||
| 942 |
_2ddc _cPN _hਉ _mਅਚੀਬੀ |
||
| 999 |
_c109733 _d109733 |
||